| 000 | 00453cam a2200181ua 4500 | ||
|---|---|---|---|
| 020 |
_a81-261-3077-6 _c900 |
||
| 041 |
_aeng _h |
||
| 082 |
_a664 _bVEE/FO |
||
| 100 | _aVeer , Udai . | ||
| 245 |
_aElements of food science / _cUdai Veer. _hTextual Documents |
||
| 250 |
_a1 / _b. |
||
| 260 |
_aNewDelhi : _bAnmol Publications Pvt. Limited , _c2007. |
||
| 300 | _a296 ; . | ||
| 365 | _a900 | ||
| 504 | _a | ||
| 942 | _cBK | ||
| 999 |
_c12905 _d12905 |
||